• 首页
  • 本馆介绍
  • 公告通知
  • 最新文献
  • 馆藏检索
  • 电子资源
  • 读者导购
  • 参考咨询
  • 我的图书馆
  • 登录
  • 详细信息显示
  • 放入我的书架
  • 预约/预借图书
  • 作者相关作品
  • 分类相关作品
  • 丛书相关作品
  • 出版社相关作品

书目信息

  • 表格格式
  • 工作单格式
  • 卡片格式
题名:
瀛台泣血记
    
 
作者: 德龄 原著 ;秦瘦鸥 译述
分册:  
出版信息: 昆明   云南人民出版社  1980
页数: 359页
开本: 19cm
丛书名:
单 册:
中图分类: I242.47 , I241
科图分类:
主题词: 古典小说--中国--清代 , 长篇小说--中国--清代 , 小说--中国
电子资源:
ISBN:
000 00771nam0 2200289 45
001 0180008572
005 20040421110739.8
010    @dCNY1.20
091    @a10116.770
100    @a19950511d1980 em y0chiy0121 ea
101 0  @achi
102    @aCN@b530000
105    @ay z 000ay
106    @ar
200 10 @a瀛台泣血记@Aying tai qi xue ji@f(清)德龄原著@g秦瘦鸥译述
210    @a昆明@c云南人民出版社@d1980
215    @a359页@d19cm
606    @a古典小说@y中国@z清代
606    @a长篇小说@y中国@z清代
606 0  @a小说@x中国
690    @aI242.47@v3
690    @aI241
701  0 @a德龄@Ade ling@f清@4原著
702  0 @a秦瘦鸥@Aqin shou ou@4译述
801  0 @aCN@b上海图书馆@c20040421
801  2 @aCN@bNLC@c20040421
905    @dI241@e84@b48192@f1@b48194@f1
    
    瀛台泣血记/(清)德龄原著/秦瘦鸥译述.-昆明:云南人民出版社,1980
    359页;19cm
    
    
    ISBN :CNY1.20
    
●
相关链接 在E读中查询图书 在五车中查询图书 在当当中查询图书 在豆瓣中查询图书


正题名:瀛台泣血记     索取号:I241/84         预约/预借

序号 登录号 条形码 馆藏地/架位号 状态 备注
1 0048194   000183143   第二借阅区/ [索取号:I241/84] 在馆    
唐山师范学院图书馆 欢迎您!
大连网信软件有限公司© 版权所有